Normal view MARC view
  • Davis, Sara deSaussure,

Entry Personal Name

Number of records used in: 1

001 - CONTROL NUMBER

  • control field: 153780

003 - CONTROL NUMBER IDENTIFIER

  • control field: DLC

005 - DATE AND TIME OF LATEST TRANSACTION

  • control field: 20260417160013.0

008 - FIXED-LENGTH DATA ELEMENTS

  • fixed length control field: 830622n| azannaab |n aaa

010 ## - LIBRARY OF CONGRESS CONTROL NUMBER

  • LC control number: n 83161148

040 ## - CATALOGING SOURCE

  • Original cataloging agency: DLC
  • Language of cataloging: eng
  • Description conventions: rda
  • Transcribing agency: DLC
  • Modifying agency: DLC

046 ## - SPECIAL CODED DATES

  • Birth date: 1943

100 1# - HEADING--PERSONAL NAME

  • Personal name: Davis, Sara deSaussure,
  • Dates associated with a name: 1943-

670 ## - SOURCE DATA FOUND

  • Source citation: Mythologizing of Mark Twain, c1984 (a.e.)
  • Information found: CIP t.p. (Sara deSaussure Davis) CIP data s. (b. 5-7-43)
Devinim Yazılım Eğitim Danışmanlık tarafından Koha'nın orjinal sürümü uyarlanarak geliştirilip kurulmuştur.